000
00398nam a22001697a 4500
003
MPLRDC
005
20220104114325.0
008
210129b ||||| |||| 00| 0 eng d
082
_a
830.8 SJWC v.3
100
_a
许燕
245
_a
碧窗蜗见
_c
250
_a
初版
260
_a
_b
世界文物出版社
_c
1983
300
_b
平
650
_a
中国文学总集
942
_c
BK
_o
830.8 SJWC v.3
999
_c
6598
_d
6588